000 00706nam a2200289Ia 4500
005 20260324114500.0
008 008 260324s9999 xx 000 0 eng d
020 _a9781003147169
037 _aEBOOK
040 _aCRL
040 _beng
040 _cCRL
041 _2eng
041 _aeng
084 _qCRL
100 _aShriram K. Vasudevan; Anudeep Juluru; T.S. Murugesh
_91150951
245 0 _aLet's Get IoT-fied!
245 0 _b30 IoT Projects for All Levels
260 _bTaylor and Francis
260 _c2022
365 _a
365 _b225
856 _uhttp://www.taylorfrancis.com/books/9781003147169
942 _cEBOOK
999 _c1741163
_d1741163